000
00225nam a2200097Ia 4500
008
240331s9999 xx 000 0 und d
082
_b
FEM
100
_a
Saunders,K. ed
245
0
_a
Feminast post development thought
942
_c
L
999
_c
4527
_d
4527